000 01338cam a2200145 4500500
005 20260405085537.0
041 _afre
042 _adc
100 1 0 _aGonin, Alexis
_eauthor
700 1 0 _aQuéva, Christophe
_eauthor
245 0 0 _aGéographie des espaces ruraux
260 _bArmand Colin,
_c2024.
520 _aDans un contexte d’urbanisation croissante, l’objectif de cet ouvrage est de comprendre la place des espaces ruraux dans le monde et les enjeux qu’ils représentent en termes de pratiques, de fonctions, de représentations, mais aussi en termes d’aménagement et de conflits d’usages. Il s’organise en trois temps forts :-  INTRODUCTION : questions essentielles, objectifs de connaissance par chapitre, lectures indispensables et notions clés à maîtriser.-  COURS : savoirs fondamentaux assortis d’exemples localisés, de définitions et de focus thématiques, d’une page d’entraînement et d’une étude de cas mobilisant des documents géographiques.-  MÉTHODES : méthodologie détaillée de chaque type d’exercice, avec son application commentée.Tous les corrigés et les photographies en couleurs disponibles dans la rubrique « ressources numériques ».
856 4 1 _uhttps://shs.cairn.info/geographie-des-espaces-ruraux--9782200637682?lang=fr&redirect-ssocas=7080
999 _c2198388
_d2198388